000
00333nam a22001457a 4500
008
210514b ||||| |||| 00| 0 eng d
020
_a
9780595140374
041
_a
eng
080
_a
159.9
082
_a
159.9
100
_a
48
101
_a
PSI
245
_a
Recovering from the Loss of a Parent
_c
Donnelly,K.F
942
_2
udc
_c
BK
999
_c
57317
_d
57317